000 00385nam a2200145Ia 4500
008 240624s9999 xx 000 0 und d
041 _aeng
082 _a364.163092 MAR
100 _aMARKOPOLOS HARRY
245 _aNO ONE WOULD LISTEN A TRUE FINANCIAL THR
250 _a11
260 _c2010
_aNew Jersey
_bJohn Wiley and Sons
300 _axx, : 354 : p. : cm. ; 21
365 _c
_b27
999 _c17736
_d17736